[Event "Madrid San Viator op-B 28th"]
[Site "Madrid"]
[Date "2017.05.28"]
[Round "8"]
[White "Baltasar Garza, Antonio"]
[Black "Ramos Ramos, Jose Antonio"]
[Result "1-0"]
[WhiteElo "1621"]
[BlackElo "1567"]
[PlyCount "79"]
[EventDate "2017.03.26"]
[EventType "swiss"]
[EventRounds "9"]
[EventCountry "ESP"]
[SourceTitle "EXT 2019"]
[Source "ChessBase"]
[SourceDate "2018.10.10"]
[SourceVersion "1"]
[SourceVersionDate "2018.10.10"]
[SourceQuality "1"]

1. e4 e5 2. Nf3 f5 3. Nc3 fxe4 4. Nxe5 Nf6 5. d4 d5 6. Bg5 Be6 7. Bxf6 Qxf6 8. Nb5 Bb4+ 9. c3 Ba5 10. Qa4 0-0 11. 0-0-0 Bb6 12. Qc2 a6 13. Na3 c5 14. Qb3 Nd7 15. Nxd7 Bxd7 16. dxc5 Qg5+ 17. Kb1 Bc6 18. cxb6 Rxf2 19. Nc2 a5 20. a4 Qe5 21. Ne3 Qf4 22. Nxd5 Bxd5 23. Qxd5+ Kf8 24. Qd6+ Qxd6 25. Rxd6 Ke7 26. Rd4 Raf8 27. Rxe4+ Kd6 28. Bb5 Kd5 29. Rhe1 R8f5 30. R4e2 R2f4 31. Re7 Kd6 32. Rd7+ Kc5 33. Rxb7 Rf6 34. Rxg7 Rxb6 35. Rd7 Rxb5 36. axb5 Kxb5 37. Red1 Rf2 38. R1d2 Rf1+ 39. Ka2 Kc6 40. Rxh7 1-0

[Event "Madrid San Viator op-B 28th"]
[Site "Madrid"]
[Date "2017.05.21"]
[Round "7"]
[White "Ramos Ramos, Jose Antonio"]
[Black "Jimenez Perez, Federico"]
[Result "1-0"]
[WhiteElo "1567"]
[BlackElo "1375"]
[PlyCount "91"]
[EventDate "2017.03.26"]
[EventType "swiss"]
[EventRounds "9"]
[EventCountry "ESP"]
[SourceTitle "EXT 2019"]
[Source "ChessBase"]
[SourceDate "2018.10.10"]
[SourceVersion "1"]
[SourceVersionDate "2018.10.10"]
[SourceQuality "1"]

1. e4 c5 2. d4 cxd4 3. c3 g6 4. Qxd4 Nf6 5. e5 Nc6 6. Qf4 Nh5 7. Qe3 Bg7 8. g4 d5 9. gxh5 d4 10. cxd4 Bg4 11. Bb5 Qd5 12. Bxc6+ bxc6 13. f3 Bxh5 14. Nc3 Qa5 15. Bd2 0-0 16. Nge2 f6 17. Ng3 Bxf3 18. Qxf3 fxe5 19. Qxc6 exd4 20. Qd5+ Qxd5 21. Nxd5 Kh8 22. Rf1 d3 23. Rxf8+ Bxf8 24. Rc1 e5 25. Ne4 h6 26. Rc7 g5 27. Ndf6 Bg7 28. Nh5 Rg8 29. Nef6 Rf8 30. Rxg7 Rxf6 31. Rg8+ Kxg8 32. Nxf6+ Kg7 33. Ne4 Kg6 34. Kf2 Kf5 35. Kf3 g4+ 36. Ke3 h5 37. Be1 a5 38. a3 a4 39. Bh4 Ke6 40. Nc5+ Kd5 41. Nxa4 e4 42. Nc3+ Kc4 43. Nxe4 Kb3 44. Kxd3 Ka4 45. Nf6 g3 46. hxg3 1-0